Journal of Business Sectors

Salvato in:
Dettagli Bibliografici
Natura: Periodico
Lingua:inglese
Pubblicazione: Trenčín ECESR - European Center for Economic & Social Research
Tags: Aggiungi Tag
Nessun Tag, puoi essere il primo ad aggiungerne!!

MARC

LEADER 00000nls a2200000 4500
001 0311990
005 20260205141314.7
022 |a 2989-3445 
041 0 |a eng 
044 |a SK 
245 1 0 |a Journal of Business Sectors 
264 1 |a Trenčín  |b ECESR - European Center for Economic & Social Research